Research Methodology for Nurses (Record no. 1751)

MARC details
000 -LEADER
Fixed length control field 00610nam a2200229Ia 4500
003 - CONTROL NUMBER IDENTIFIER
Control field IIN
005 - DATE AND TIME OF LATEST TRANSACTION
Control field 20250412124856.0
008 - FIXED-LENGTH DATA ELEMENTS--GENERAL INFORMATION
Fixed length control field 250412s9999 xx d 001 0 eng d
020 ## - INTERNATIONAL STANDARD BOOK NUMBER / ISBN
Price Rs.395.00
International Standard Book Number 9789356965140
040 ## - CATALOGING SOURCE
Original cataloging agency IIN
Language of cataloging English
082 ## - DEWEY DECIMAL CLASSIFICATION NUMBER
Classification number 610.73072
Book Number IND
100 1# - MAIN ENTRY--PERSONAL NAME
Personal name Indrani, T.K.
245 1# - TITLE STATEMENT
Title Research Methodology for Nurses
Statement of responsibility T.K. Indrani and Alisha Talwar
250 ## - EDITION STATEMENT
Edition statement 2nd ed.
260 ## - IMPRINT
Name of publisher Jaypee
Place of publication New Delhi
Date of publication 2025
300 ## - PHYSICAL DESCRIPTION
Page / Vol. No xviii, 267 p.
Other physical details ill.
500 ## - GENERAL NOTE
General note Includes Index
650 1# - SUBJECT ADDED ENTRY--TOPICAL TERM
Topical term Research
650 1# - SUBJECT ADDED ENTRY--TOPICAL TERM
Topical term Research Methodology
700 ## - ADDED ENTRY--PERSONAL NAME
Personal name Talwar, Alisha
942 ## - ADDED ENTRY ELEMENTS (KOHA)
Koha item type Books
Holdings
Withdrawn status Lost status Source of classification Damaged status Not for loan Collection code Home library Current library Shelving location Date acquired Price Total Checkouts Call number Accession number Date last seen Price effective from Koha item type
    Dewey Decimal Classification     Purches Book IDEAL INSTITUTE OF NURSING IDEAL INSTITUTE OF NURSING General Stacks 11/03/2025 395.00   610.73072 IND 1900 12/04/2025 12/04/2025 Books
© Ideal Institute Of Nursing, All rights reserved.         Powered by Koha